000
00329nam a2200133Ia 4500
008
231129s9999||||xx |||||||||||||| ||spa||
020
_a
84-345-8228-7
040
_b
spa
082
_a
920 M479
100
_a
Mckendrick Melveena
245
0
_a
Cervantes
264
_a
Salvat
942
_2
ddc
_c
BKS
999
_c
6860
_d
6860